00557 2200217 4500001002100000005001500021035002000036007000300056008004100059020002200100082001100122084001800133100001900151245003900170260004400209300003400253650001500287520001300302990001200315990001200327INLIS00000000000198120180522091417 a0010-0518000051ta180522 g 0 ind  a978-602-02-7983-1 a910.09 a910.09 GAN e0 aGANA, Stegmann1 aExploring Germany /cGana Stegmann aJakarta :bElex Media Komputindo,c2016 avii, 395 hlm :bilus ;c19 cm aPERJALANAN alampiran a16742 a a16742 b